A photographic atlas of shark anatomy: The gross morphology of Squalus acanthias
محفوظ في:
| المؤلف الرئيسي: | |
|---|---|
| التنسيق: | كتاب |
| اللغة: | Undetermined |
| منشور في: |
New York
Academic
1964
|
| الموضوعات: | |
| الوسوم: |
إضافة وسم
لا توجد وسوم, كن أول من يضع وسما على هذه التسجيلة!
|
| Thư viện lưu trữ: | Trung tâm Học liệu Trường Đại học Cần Thơ |
|---|
| LEADER | 00502nam a2200181Ia 4500 | ||
|---|---|---|---|
| 001 | CTU_9295 | ||
| 008 | 210402s9999 xx 000 0 und d | ||
| 082 | |a 597.31044 | ||
| 082 | |b G199 | ||
| 100 | |a Carl Gans | ||
| 245 | 2 | |a A photographic atlas of shark anatomy: The gross morphology of Squalus acanthias | |
| 245 | 0 | |c Carl Gans | |
| 260 | |a New York | ||
| 260 | |b Academic | ||
| 260 | |c 1964 | ||
| 650 | |a sharks | ||
| 904 | |i Minh, 960926 | ||
| 980 | |a Trung tâm Học liệu Trường Đại học Cần Thơ | ||